Data mining : practical machine learning tools and techniques
Guardat en:
| Autor principal: | |
|---|---|
| Format: | Llibre |
| Publicat: |
Morgan Kaufman
|
| Etiquetes: |
Sense etiquetes, Sigues el primer a etiquetar aquest registre!
|
MARC
| LEADER | 00000nam a2200000Ia 4500 | ||
|---|---|---|---|
| 005 | 20260515061619.0 | ||
| 100 | |a Witten, I. H. | ||
| 020 | |a 9780443158889 | ||
| 942 | |c BK | ||
| 245 | |a Data mining : practical machine learning tools and techniques | ||
| 260 | |b Morgan Kaufman | ||
| 999 | |c 88 |d 88 | ||
| 952 | |0 0 |1 0 |4 0 |7 0 |a ABDN |b ABDN |d 2026-05-15 |l 0 |p 000051 |r 2026-05-15 06:16:19 |w 2026-05-15 |y BK | ||